000 nam a22 a 4500
999 _c434256
_d434256
003 BLK
005 20221208031125.0
008 200311b bul|||||r ||||||| ||bul||
040 _aBLK
041 _aRUS
_cRUS
080 _aРуски език - учебни предмети
_b 373.3.016:811.161.1
_x(035.8)
_z 373.3.016:811.161.1
080 _aАнтологии. Сборници. Христоматии
_b82-82
_z82-82
100 _aВъргулев, Ангел
_eпърви автор
_9379239
139 _aВъргулев, Ангел и др.
245 1 0 _aРусский язык
_bХрестоматия-учебник для ХI класса средней школы
_cАнгел Въргулев, Ана Малинов, Ариадна Петренко
250 _a5. стер. изд
257 _aBGR
260 _aСофия
_bНар. просв.
_c1959
300 _a175 с.
_bс ил.
_c22 см
380 _a80
500 _a1. изд. 1955
650 0 _aРуски език
_9262992
653 7 _aучебници за средни училища
_9199112
700 _aМалинова, Ана
_eсъавт.
_91445
700 _aПетренко, Ариадна
_eсъавт.
_91445
852 _aЦб 7624
_bО
852 _aЦб 13224
_bО
856 4 _qpdf
_u
856 4 _qpdf
_u
942 _cKNG
_n0
_s1
944 _aCR
_c2021-10-20
_kК.Д.